Nomes mais populares em Portugal (2022) - Statistics

Estatísticas Gerais
  • Esse quiz foi jogado 123 vezes
  • A pontuação média é 12 de 30
Estatísticas das Respostas
Nº de registos Resposta % Correto
1254 João
94%
5094 Maria
93%
559 Mariana
58%
1024 Miguel
58%
1753 Francisco
51%
1170 Matilde
49%
993 Gabriel
48%
777 Beatriz
47%
1276 Afonso
44%
939 Carolina
42%
724 Margarida
42%
1239 Tomás
42%
685 Francisca
41%
1209 Leonor
40%
922 Rodrigo
37%
843 Guilherme
36%
1072 Martim
36%
883 Lucas
35%
1299 Alice
34%
1121 Santiago
33%
619 Sofia
33%
567 Laura
32%
610 Clara
30%
1219 Duarte
30%
602 Madalena
29%
635 Camila
28%
944 Mateus
27%
1129 Lourenço
23%
872 Vicente
20%
964 Benedita
18%
Nenhum quiz correspondente encontrado
Distribuição das Pontuações
Porcentagem de Pessoas com Cada Pontuação
Percentil de Números Respondidos
Sua Pontuação Histórica
Você não jogou esse quiz